[Event "Czestochowa YAWAL op"]
[Site "Czestochowa"]
[Date "1994.??.??"]
[Round "3"]
[White "Goliszek, D."]
[Black "Goliszek, Wieslaw"]
[Result "1/2-1/2"]
[WhiteElo "1800"]
[BlackElo "2000"]
[PlyCount "92"]
[EventDate "1994.??.??"]
[EventType "swiss"]
[EventRounds "9"]
[EventCountry "POL"]
[SourceTitle "EXT 2006"]
[Source "ChessBase"]
[SourceDate "2005.11.24"]
[SourceVersion "1"]
[SourceVersionDate "2005.11.24"]
[SourceQuality "1"]

1. c4 Nf6 2. Nc3 g6 3. g3 Bg7 4. Bg2 0-0 5. Nf3 c5 6. 0-0 Nc6 7. e3 d6 8. d4 cxd4 9. Nxd4 Bd7 10. b3 Qa5 11. Bb2 Rac8 12. a3 Nxd4 13. exd4 Bc6 14. b4 Qc7 15. c5 Bxg2 16. Kxg2 dxc5 17. dxc5 a5 18. Qe2 axb4 19. axb4 b6 20. cxb6 Qxb6 21. Qxe7 Rfe8 22. Qa7 Qxb4 23. Qa3 Qb7+ 24. Kg1 Ra8 25. Na4 Rxa4 26. Qxa4 Qxb2 27. Rab1 Qe2 28. Qa7 Qh5 29. Kg2 Ng4 30. h3 Qd5+ 31. Kg1 Ne5 32. Qb7 Nf3+ 33. Kg2 Qxb7 34. Rxb7 Nd2 35. Rd1 Ne4 36. Re1 Nf6 37. Rxe8+ Nxe8 38. Rb8 Kf8 39. Kf3 Ke7 40. Ra8 Bd4 41. Ra4 Bf6 42. Ra7+ Ke6 43. Ra6+ Nd6 44. Ra2 Nf5 45. Ra6+ Nd6 46. Ra2 Bd4 1/2-1/2